[Event "España ch sub-18 2012"]
[Site "Salobreña ESP"]
[Date "2012.07.26"]
[Round "6.17"]
[White "Lopez Garralon, Miguel"]
[Black "Sanchez Garcia, Julio"]
[Result "0-1"]
[WhiteElo "1954"]
[BlackElo "2108"]
[PlyCount "53"]
[EventDate "2012.07.23"]
[EventType "swiss"]
[EventRounds "9"]
[EventCountry "ESP"]
[Source "lmi"]
[SourceDate "2012.07.23"]

1. e4 c5 2. Nf3 Nc6 3. Nc3 g6 4. d4 cxd4 5. Nxd4 Bg7 6. Be3 Nf6 7. h3 O-O 8. g3
d5 9. exd5 Nxd5 10. Nxc6 bxc6 11. Nxd5 cxd5 12. c3 Rb8 13. Qd2 Qa5 14. b4 Qa3
15. Rc1 d4 16. cxd4 Rxb4 17. Bc4 Rb2 18. Qc3 Qxc3+ 19. Rxc3 Rb1+ 20. Rc1 Rxc1+
21. Bxc1 Bxd4 22. Ba3 Bb7 23. Rg1 Rc8 24. Bb3 Bf3 25. Kd2 e5 26. Ke1 g5 27. Bc1
0-1

[Event "España ch sub-18 2012"]
[Site "Salobreña ESP"]
[Date "2012.07.26"]
[Round "6.18"]
[White "Martinez Fernandez, Raul"]
[Black "Gonzalez Hernandez, Ferran"]
[Result "0-1"]
[WhiteElo "1828"]
[BlackElo "2101"]
[PlyCount "54"]
[EventDate "2012.07.23"]
[EventType "swiss"]
[EventRounds "9"]
[EventCountry "ESP"]
[Source "lmi"]
[SourceDate "2012.07.23"]

1. e4 c5 2. Nf3 e6 3. d4 cxd4 4. c3 dxc3 5. Nxc3 d6 6. Bc4 Nc6 7. O-O a6 8. Qe2
b5 9. Bb3 Ra7 10. Be3 Rd7 11. Rac1 Bb7 12. Rfd1 Be7 13. Nxb5 axb5 14. Qxb5 Nf6
15. Bb6 Qa8 16. Ba4 O-O 17. Rxc6 Bxc6 18. Qxc6 Rb7 19. e5 dxe5 20. Nxe5 Rxb6
21. Qxb6 Qxa4 22. b3 Qxa2 23. Nc6 Ba3 24. g3 Nd5 25. Qb7 Bc5 26. Rf1 Qe2 27.
Ra1 Ra8 0-1

[Event "España ch sub-18 2012"]
[Site "Salobreña ESP"]
[Date "2012.07.26"]
[Round "6.19"]
[White "Perera Borrego, Mariela"]
[Black "Capote Robayna, Nathaniel"]
[Result "1/2-1/2"]
[WhiteElo "2066"]
[BlackElo "2044"]
[PlyCount "108"]
[EventDate "2012.07.23"]
[EventType "swiss"]
[EventRounds "9"]
[EventCountry "ESP"]
[Source "lmi"]
[SourceDate "2012.07.23"]

1. d4 Nf6 2. Nf3 g6 3. g3 Bg7 4. Bg2 O-O 5. O-O d6 6. c4 Nbd7 7. Nc3 e5 8. e4
c6 9. h3 Qe7 10. Re1 exd4 11. Nxd4 Nc5 12. Bf4 Rd8 13. Qd2 Nfd7 14. b4 Ne5 15.
bxc5 dxc5 16. Nxc6 bxc6 17. Qc2 Nxc4 18. Rac1 g5 19. Be3 Ne5 20. Red1 Ba6 21.
Na4 Nd3 22. Bxc5 Qc7 23. Rb1 Bb5 24. Be3 Qe5 25. Nc5 Nxc5 26. Bxc5 Rxd1+ 27.
Rxd1 Ba4 28. Qxa4 Qxc5 29. Rd2 Be5 30. Rc2 Qb5 31. Qxb5 cxb5 32. Rc5 f6 33.
Rxb5 Rb8 34. Rxb8+ Bxb8 35. Kf1 Kf7 36. Ke2 Ke6 37. Ke3 f5 38. exf5+ Kf6 39.
Ke4 h6 40. Bf1 Bc7 41. Bd3 Bd6 42. a4 Bc7 43. Kf3 Bb6 44. Bc2 Bc5 45. Kg2 Bd6
46. Kf3 Bc5 47. Ke2 Bb6 48. f3 Bc7 49. Kf2 Bb6+ 50. Kg2 Bc7 51. h4 gxh4 52.
gxh4 Bf4 53. Kh3 Bd6 54. Kg4 Bc7 1/2-1/2

[Event "España ch sub-18 2012"]
[Site "Salobreña ESP"]
[Date "2012.07.26"]
[Round "6.20"]
[White "Castillo Rodriguez, Angel Luis"]
[Black "Donado-Mazarron Gomez, Miguel"]
[Result "0-1"]
[WhiteElo "1805"]
[BlackElo "2055"]
[PlyCount "114"]
[EventDate "2012.07.23"]
[EventType "swiss"]
[EventRounds "9"]
[EventCountry "ESP"]
[Source "lmi"]
[SourceDate "2012.07.23"]

1. e4 c5 2. c4 d6 3. Nc3 e6 4. g3 b6 5. Bg2 Bb7 6. Nge2 Nc6 7. O-O g6 8. d3 Bg7
9. Be3 Nge7 10. Qd2 Nd4 11. Bh6 O-O 12. Bxg7 Kxg7 13. Nxd4 cxd4 14. Ne2 e5 15.
b4 f5 16. f3 h6 17. Nc1 g5 18. Nb3 Rc8 19. Rfc1 Ng6 20. exf5 Rxf5 21. Bh3 Rxf3
22. Bxc8 Qxc8 23. Rf1 Nh4 24. Nxd4 exd4 25. Rae1 Rxf1+ 26. Rxf1 Nf3+ 27. Rxf3
Bxf3 28. Qf2 Qf5 29. Qxd4+ Qe5 30. Qxe5+ dxe5 31. Kf2 Bc6 32. Ke3 Kf6 33. d4
exd4+ 34. Kxd4 Ke6 35. a3 Ba4 36. c5 b5 37. Ke4 Bc2+ 38. Kd4 Bb1 39. h4 gxh4
40. gxh4 h5 41. Kc3 Kd5 42. Kb2 Be4 43. Kb3 Ke5 44. Kc3 a6 45. Kb3 Kd4 46. a4
Bd5+ 47. Ka3 Kc4 48. Kb2 Kxb4 49. axb5 axb5 50. c6 Bxc6 51. Ka1 Kc3 52. Ka2 b4
53. Kb1 b3 54. Ka1 b2+ 55. Ka2 Be4 56. Ka3 b1=Q 57. Ka4 Qb4# 0-1

[Event "España ch sub-18 2012"]
[Site "Salobreña ESP"]
[Date "2012.07.26"]
[Round "6.21"]
[White "Sierra Montoya, Miquel"]
[Black "Garcia Perez, Javier"]
[Result "1-0"]
[WhiteElo "2051"]
[BlackElo "2002"]
[PlyCount "105"]
[EventDate "2012.07.23"]
[EventType "swiss"]
[EventRounds "9"]
[EventCountry "ESP"]
[Source "lmi"]
[SourceDate "2012.07.23"]

1. e4 c5 2. Nf3 d6 3. d4 cxd4 4. Nxd4 Nf6 5. Nc3 a6 6. Bc4 e6 7. Bb3 b5 8. Bg5
Qb6 9. Bxf6 gxf6 10. O-O Nd7 11. Bxe6 fxe6 12. Nxe6 Bb7 13. Qh5+ Ke7 14. Nf4
Qc5 15. Ng6+ hxg6 16. Qxh8 Kf7 17. Qh3 Ne5 18. Kh1 Kg7 19. f4 Nf7 20. Rad1 b4
21. Nd5 Qxc2 22. Qe6 Bxd5 23. Qxd5 Re8 24. Rde1 Qxb2 25. Qc6 Rd8 26. e5 fxe5
27. fxe5 Nxe5 28. Qd5 Qc3 29. Qe6 Qc7 30. Qf6+ Kg8 31. Qe6+ Kg7 32. Qf6+ Kh7
33. Re3 Bh6 34. Rh3 Re8 35. Qh4 Qg7 36. Qxb4 Rf8 37. Rb1 Qf6 38. Qb7+ Rf7 39.
Qxa6 Ng4 40. Rf3 Qe5 41. Rxf7+ Bg7 42. Rxg7+ Kxg7 43. Qa7+ Kh6 44. Qg1 Qe2 45.
Rf1 Qxa2 46. h3 Ne5 47. Qe3+ Kg7 48. Qd4 Qa6 49. Qf4 Qc4 50. Qf8+ Kh7 51. Rf4
Qc1+ 52. Kh2 g5 53. Qe7+ 1-0

[Event "España ch sub-18 2012"]
[Site "Salobreña ESP"]
[Date "2012.07.26"]
[Round "6.22"]
[White "Fernandez Diaz, Cristian"]
[Black "Orantes Taboada, Manuel"]
[Result "1-0"]
[WhiteElo "2162"]
[BlackElo "1963"]
[PlyCount "103"]
[EventDate "2012.07.23"]
[EventType "swiss"]
[EventRounds "9"]
[EventCountry "ESP"]
[Source "lmi"]
[SourceDate "2012.07.23"]

1. d4 Nf6 2. c4 g6 3. Nc3 Bg7 4. e4 d6 5. Nge2 O-O 6. Ng3 e5 7. d5 a5 8. Be2
Na6 9. h4 Ne8 10. h5 g5 11. h6 Bf6 12. Bg4 Bxg4 13. Qxg4 Kh8 14. Be3 Be7 15.
Nf5 f6 16. O-O-O Rg8 17. g3 Rg6 18. Qh5 Nc5 19. f4 Qd7 20. Qf3 Bd8 21. Rh2 b6
22. Rf1 Qf7 23. fxg5 fxg5 24. Kc2 Nf6 25. Ng7 Be7 26. Bxc5 dxc5 27. Ne6 Bd6 28.
g4 Rag8 29. Qf5 Qe7 30. Ne2 Ne8 31. Qf3 Rf6 32. Qh3 Rgg6 33. Rf5 Rxh6 34. Qxh6
Rxh6 35. Rxh6 Ng7 36. Rf8+ Qxf8 37. Nxf8 Bxf8 38. Rf6 Kg8 39. Ng3 Be7 40. Rf3
h6 41. Kd3 Bd6 42. Rf6 Kh7 43. Nf5 Nxf5 44. exf5 Kg7 45. Rg6+ Kh7 46. Ke4 Bf8
47. b3 Bd6 48. a4 Bf8 49. Kxe5 Bg7+ 50. Ke6 Bd4 51. Ke7 Be5 52. Re6 1-0

[Event "España ch sub-18 2012"]
[Site "Salobreña ESP"]
[Date "2012.07.26"]
[Round "6.23"]
[White "Martin Hernandez, Ruben"]
[Black "Angeleri Gastanaga, Rodrigo N"]
[Result "0-1"]
[WhiteElo "2195"]
[BlackElo "2096"]
[PlyCount "94"]
[EventDate "2012.07.23"]
[EventType "swiss"]
[EventRounds "9"]
[EventCountry "ESP"]
[Source "lmi"]
[SourceDate "2012.07.23"]

1. e4 c5 2. Nf3 d6 3. d4 cxd4 4. Nxd4 Nf6 5. Nc3 a6 6. Be3 e5 7. Nb3 Be6 8. Be2
Be7 9. O-O Nbd7 10. Qd2 Qc7 11. Rac1 O-O 12. Nd5 Nxd5 13. exd5 Bf5 14. c4 b6
15. f4 exf4 16. Rxf4 Bg6 17. h4 h6 18. Nd4 Ne5 19. Rc3 Bh7 20. Nf5 Bd8 21. Qe1
Qd7 22. Qf1 Re8 23. g3 Rb8 24. a4 Bxf5 25. Rxf5 Qxa4 26. Bd4 Qd7 27. Bd1 b5 28.
c5 Ba5 29. Re3 Nc4 30. Rxe8+ Rxe8 31. c6 Qc7 32. Kh2 Ne3 33. Bxe3 Rxe3 34. Bh5
Re7 35. Rf2 Bb6 36. Re2 g6 37. Bg4 Kg7 38. Qe1 Re5 39. Rxe5 dxe5 40. h5 Qd6 41.
Qd1 Bc7 42. hxg6 fxg6 43. Be6 e4 44. Qd4+ Kh7 45. Qf2 h5 46. Kg2 Qe5 47. Qf8
Qxg3+ 0-1

[Event "España ch sub-18 2012"]
[Site "Salobreña ESP"]
[Date "2012.07.26"]
[Round "6.24"]
[White "Norte Garcia, Andrea"]
[Black "Acosta Sosa, Juan Manuel"]
[Result "1/2-1/2"]
[WhiteElo "1983"]
[BlackElo "2166"]
[PlyCount "118"]
[EventDate "2012.07.23"]
[EventType "swiss"]
[EventRounds "9"]
[EventCountry "ESP"]
[Source "lmi"]
[SourceDate "2012.07.23"]

1. e4 c5 2. Nf3 Nc6 3. d4 cxd4 4. Nxd4 g6 5. c4 Bg7 6. Be3 Nf6 7. Nc3 O-O 8.
Be2 d6 9. O-O Bd7 10. Qd2 Nxd4 11. Bxd4 Bc6 12. f3 Nd7 13. Bf2 a5 14. b3 Nc5
15. Rab1 f5 16. exf5 Rxf5 17. a3 Ne6 18. Be3 Qf8 19. Bd3 Rh5 20. Ne4 b5 21.
cxb5 Bxb5 22. Bc4 Bxc4 23. bxc4 Qc8 24. Qd3 Rf5 25. g4 Rf7 26. Nc3 Nf4 27. Bxf4
Rxf4 28. Nd5 Qc5+ 29. Kh1 Rxc4 30. Nxe7+ Kh8 31. Rb7 Rf8 32. Rd7 Rd4 33. Qb3
Rd2 34. f4 Qd4 35. Qf3 Qb2 36. Qh3 Qc2 37. f5 Qe4+ 38. Qf3 gxf5 39. gxf5 Qxf3+
40. Rxf3 Be5 41. Rh3 Rb8 42. Rxh7+ Kxh7 43. Nc6+ Kh6 44. Nxb8 Bf4 45. Rb7 d5
46. Rb3 d4 47. h3 Kh5 48. Nc6 Kh4 49. Nxa5 Be5 50. Rf3 Bg3 51. Kg1 Kxh3 52. f6
d3 53. Nc4 Rg2+ 54. Kf1 Rc2 55. Rxd3 Rxc4 56. Ke2 Rc2+ 57. Ke3 Rc6 58. f7 Re6+
59. Kd2 Rf6 1/2-1/2

[Event "España ch sub-18 2012"]
[Site "Salobreña ESP"]
[Date "2012.07.27"]
[Round "7.1"]
[White "Fernandez Lledo, Javier"]
[Black "Anton Guijarro, David"]
[Result "0-1"]
[WhiteElo "2207"]
[BlackElo "2490"]
[PlyCount "40"]
[EventDate "2012.07.23"]
[EventType "swiss"]
[EventRounds "9"]
[EventCountry "ESP"]
[Source "lmi"]
[SourceDate "2012.07.23"]

1. e4 c5 2. Nf3 d6 3. d4 cxd4 4. Nxd4 Nf6 5. Nc3 g6 6. Bc4 Bg7 7. O-O O-O 8.
Re1 Nc6 9. Nb3 Bg4 10. f3 Be6 11. Nd5 Rc8 12. Bf1 a5 13. c4 Bxd5 14. exd5 Ne5
15. Qd4 a4 16. Nd2 Qa5 17. b4 Qxb4 18. Rb1 Qa5 19. Rxb7 Nfg4 20. Qa7 Nc6 0-1

[Event "España ch sub-18 2012"]
[Site "Salobreña ESP"]
[Date "2012.07.27"]
[Round "7.2"]
[White "Alcaraz Ortega, Javier"]
[Black "Forcen Esteban, Daniel"]
[Result "0-1"]
[WhiteElo "2297"]
[BlackElo "2457"]
[PlyCount "118"]
[EventDate "2012.07.23"]
[EventType "swiss"]
[EventRounds "9"]
[EventCountry "ESP"]
[Source "lmi"]
[SourceDate "2012.07.23"]

1. d4 Nf6 2. Bf4 g6 3. e3 Bg7 4. Nf3 O-O 5. Be2 d6 6. O-O Nfd7 7. h3 e5 8. Bh2
Nc6 9. c4 exd4 10. exd4 Qf6 11. Nc3 Nxd4 12. Nd5 Nxf3+ 13. Bxf3 Qd8 14. Re1 Ne5
15. c5 c6 16. Nc3 Nxf3+ 17. Qxf3 dxc5 18. Rad1 Qf6 19. Qe3 Be6 20. Qxc5 Rfd8
21. Bc7 Rxd1 22. Rxd1 Rc8 23. Bg3 b6 24. Qd6 h5 25. h4 Bg4 26. f3 Qxd6 27. Rxd6
Be6 28. a3 Bf6 29. Kf1 b5 30. Rd2 Rd8 31. Ke1 Rxd2 32. Kxd2 a5 33. Kc1 Bf5 34.
Bf2 Kf8 35. g3 g5 36. hxg5 Bxg5+ 37. f4 Bd8 38. Kd2 Ke7 39. b4 Ke6 40. Bc5 Bg6
41. Ke3 Kf5 42. Kf3 Ke6 43. Ke3 Bc2 44. Kd2 Bh7 45. Ke3 Bg6 46. Ke2 axb4 47.
axb4 Bf6 48. Nd1 Kd5 49. Kf3 Be4+ 50. Ke2 Kc4 51. Ne3+ Kb3 52. Nf1 Bd5 53. Nd2+
Kc2 54. Ke3 Bc3 55. Ne4 Bxe4 56. Kxe4 Be1 57. Kf3 Kb3 58. g4 hxg4+ 59. Kxg4
Bxb4 0-1

[Event "España ch sub-18 2012"]
[Site "Salobreña ESP"]
[Date "2012.07.27"]
[Round "7.3"]
[White "Ladron De Guevara Pinto, Paolo"]
[Black "Sanchez Ibern, Marc"]
[Result "1/2-1/2"]
[WhiteElo "2353"]
[BlackElo "2364"]
[PlyCount "66"]
[EventDate "2012.07.23"]
[EventType "swiss"]
[EventRounds "9"]
[EventCountry "ESP"]
[Source "lmi"]
[SourceDate "2012.07.23"]

1. Nf3 Nf6 2. c4 g6 3. Nc3 d5 4. cxd5 Nxd5 5. g3 Bg7 6. Bg2 O-O 7. O-O Nxc3 8.
bxc3 c5 9. d4 Nc6 10. e3 Be6 11. Ba3 cxd4 12. cxd4 Qa5 13. Bb2 Rac8 14. a3 Rfd8
15. Qe2 Qa4 16. Nd2 Na5 17. Be4 Nc4 18. Bc3 Nd6 19. Rfc1 Nxe4 20. Nxe4 Bc4 21.
Qb2 b6 22. Nd2 Be6 23. Bb4 Qd7 24. Rxc8 Rxc8 25. Bc3 Bh3 26. Rc1 Qc6 27. f3 e5
28. dxe5 Bxe5 29. Ne4 Bf5 30. Qd2 Bxe4 31. Bb2 Qe6 32. Rxc8+ Qxc8 33. Bxe5 Bxf3
1/2-1/2

[Event "España ch sub-18 2012"]
[Site "Salobreña ESP"]
[Date "2012.07.27"]
[Round "7.4"]
[White "Tejedor Fuentes, Enrique"]
[Black "Shen, Yue"]
[Result "0-1"]
[WhiteElo "2254"]
[BlackElo "2148"]
[PlyCount "108"]
[EventDate "2012.07.23"]
[EventType "swiss"]
[EventRounds "9"]
[EventCountry "ESP"]
[Source "lmi"]
[SourceDate "2012.07.23"]

1. e4 c6 2. Nc3 d5 3. Nf3 Bg4 4. h3 Bxf3 5. Qxf3 Nf6 6. d3 e6 7. g4 Bb4 8. Bd2
d4 9. Nb1 Bxd2+ 10. Nxd2 Qc7 11. g5 Nfd7 12. h4 Na6 13. h5 Nb4 14. Qd1 O-O-O
15. a3 Na6 16. Qf3 Nf8 17. O-O-O Nc5 18. Bh3 Kb8 19. Rdf1 h6 20. Rhg1 g6 21. e5
hxg5 22. Rxg5 gxh5 23. Nc4 Ng6 24. Qf6 Rh7 25. Nd6 Nd7 26. Qf3 Ndxe5 27. Qe4
Qxd6 28. f4 Ng4 29. f5 exf5 30. Rfxf5 Ne3 31. Rf2 Qe7 32. Qxe7 Nxe7 33. c3 dxc3
34. bxc3 Rxd3 35. Re2 N3d5 36. Bg2 Rh8 37. Kb2 h4 38. c4 Ne3 39. Be4 Nxc4+ 40.
Ka2 Rxa3+ 41. Kb1 Re3 42. Rxe3 Nxe3 43. Rg7 N7d5 44. Kb2 f5 45. Bf3 h3 46. Kc1
h2 47. Kd2 h1=Q 48. Bxh1 Rxh1 49. Ke2 Rh3 50. Kf2 Ng4+ 51. Ke2 Nf4+ 52. Kd2
Rd3+ 53. Ke1 a5 54. Rf7 Rd5 0-1

[Event "España ch sub-18 2012"]
[Site "Salobreña ESP"]
[Date "2012.07.27"]
[Round "7.5"]
[White "Cerrato Torrijos, Maria"]
[Black "Pardo Simon, David"]
[Result "0-1"]
[WhiteElo "2114"]
[BlackElo "2421"]
[PlyCount "74"]
[EventDate "2012.07.23"]
[EventType "swiss"]
[EventRounds "9"]
[EventCountry "ESP"]
[Source "lmi"]
[SourceDate "2012.07.23"]

1. Nf3 Nf6 2. c4 c5 3. Nc3 g6 4. d4 cxd4 5. Nxd4 Bg7 6. e4 d6 7. Be2 O-O 8. O-O
a6 9. Be3 Nc6 10. Qd2 Bd7 11. Rad1 Rb8 12. a4 Ng4 13. Bxg4 Bxg4 14. f3 Bd7 15.
Nd5 Nxd4 16. Bxd4 Bxd4+ 17. Qxd4 Bxa4 18. Rde1 Bc6 19. f4 b5 20. b3 bxc4 21.
bxc4 Re8 22. Rb1 Bxd5 23. cxd5 Qc7 24. Rfc1 Rxb1 25. Rxb1 Rb8 26. Rxb8+ Qxb8
27. h4 a5 28. Qa4 Qa7+ 29. Kh2 Kg7 30. e5 Qf2 31. Kh3 dxe5 32. fxe5 Qf5+ 33. g4
Qf3+ 34. Kh2 Qxd5 35. Qf4 Qa2+ 36. Kg3 Qb3+ 37. Kh2 Qb4 0-1

[Event "España ch sub-18 2012"]
[Site "Salobreña ESP"]
[Date "2012.07.27"]
[Round "7.6"]
[White "Suarez Uriel, Adrian"]
[Black "Rodriguez Ferraz, Borja"]
[Result "1/2-1/2"]
[WhiteElo "2249"]
[BlackElo "2172"]
[PlyCount "84"]
[EventDate "2012.07.23"]
[EventType "swiss"]
[EventRounds "9"]
[EventCountry "ESP"]
[Source "lmi"]
[SourceDate "2012.07.23"]

1. e4 e5 2. Nf3 Nc6 3. Bb5 a6 4. Ba4 Nf6 5. O-O b5 6. Bb3 Bc5 7. c3 d6 8. a4
Rb8 9. axb5 axb5 10. d4 Bb6 11. Qd3 O-O 12. Bg5 h6 13. Bxf6 Qxf6 14. Qxb5 Bd7
15. Bd5 Bc5 16. Qa4 Nxd4 17. Qxd7 Nxf3+ 18. gxf3 Rxb2 19. Qg4 Rfb8 20. Na3 Rd2
21. Nc4 Rd3 22. Kg2 Rxc3 23. Rfc1 Rcb3 24. Ra8 Rxa8 25. Bxa8 Rxf3 26. Qxf3 Qg5+
27. Qg3 Qxc1 28. Ne3 Bxe3 29. Qxe3 Qxe3 30. fxe3 g6 31. Kf3 f5 32. Bd5+ Kg7 33.
h4 Kf6 34. Kg3 f4+ 35. exf4 exf4+ 36. Kxf4 g5+ 37. hxg5+ hxg5+ 38. Kg4 c5 39.
Kf3 Ke5 40. Ke3 g4 41. Bc4 g3 42. Bf1 d5 1/2-1/2

[Event "España ch sub-18 2012"]
[Site "Salobreña ESP"]
[Date "2012.07.27"]
[Round "7.7"]
[White "Nicolas Zapata, Irene"]
[Black "Bals Hernandez, Jordi"]
[Result "1-0"]
[WhiteElo "2235"]
[BlackElo "2166"]
[PlyCount "105"]
[EventDate "2012.07.23"]
[EventType "swiss"]
[EventRounds "9"]
[EventCountry "ESP"]
[Source "lmi"]
[SourceDate "2012.07.23"]

1. Nf3 d5 2. d4 Nf6 3. c4 e6 4. e3 Be7 5. Bd3 O-O 6. O-O b6 7. cxd5 exd5 8. Ne5
c5 9. Nc3 Bb7 10. Qf3 Nc6 11. Qh3 Nxe5 12. dxe5 Ne4 13. Rd1 Qb8 14. Qd7 Nxc3
15. bxc3 Bd8 16. e6 fxe6 17. Qxe6+ Kh8 18. Qh3 h6 19. Qe6 Bf6 20. Qf5 Kg8 21.
Qh7+ Kf7 22. Qg6+ Kg8 23. Rb1 c4 24. Qh7+ Kf7 25. Bg6+ Ke7 26. Ba3+ Kd7 27. Be4
Qe5 28. Bxf8 Rxf8 29. Bxd5 Bxd5 30. e4 Qxc3 31. Qf5+ Kc7 32. Qxd5 Rd8 33. Qf7+
Kb8 34. Rxd8+ Bxd8 35. Rd1 Bc7 36. Qg8+ Kb7 37. Qd5+ Kb8 38. g3 Qc2 39. e5 c3
40. e6 Qe2 41. Qd3 Qe5 42. Rc1 Qxe6 43. Qxc3 Qe5 44. Qxe5 Bxe5 45. f4 Bd4+ 46.
Kg2 b5 47. Rb1 a6 48. a4 Kc7 49. axb5 a5 50. Kf3 Kb6 51. Ke4 Bc3 52. Kd3 Bb4
53. Ke4 1-0

[Event "España ch sub-18 2012"]
[Site "Salobreña ESP"]
[Date "2012.07.27"]
[Round "7.8"]
[White "Meneses Gonzalez, Kevin Moises"]
[Black "Sanchez Garcia, Julio"]
[Result "1-0"]
[WhiteElo "2264"]
[BlackElo "2108"]
[PlyCount "43"]
[EventDate "2012.07.23"]
[EventType "swiss"]
[EventRounds "9"]
[EventCountry "ESP"]
[Source "lmi"]
[SourceDate "2012.07.23"]

1. e4 e6 2. d4 d5 3. Nc3 Bb4 4. e5 c5 5. a3 Bxc3+ 6. bxc3 Ne7 7. Qg4 Qc7 8.
Qxg7 Rg8 9. Qxh7 cxd4 10. Ne2 Nbc6 11. f4 dxc3 12. h4 b6 13. Qd3 d4 14. h5 Bb7
15. h6 O-O-O 16. h7 Rh8 17. Kf2 Nd5 18. Qc4 f6 19. exf6 Nxf6 20. Qxe6+ Nd7 21.
f5 Rde8 22. Qxe8+ 1-0

[Event "España ch sub-18 2012"]
[Site "Salobreña ESP"]
[Date "2012.07.27"]
[Round "7.9"]
[White "Quintin Navarro, Alberto"]
[Black "Gonzalez Hernandez, Ferran"]
[Result "1-0"]
[WhiteElo "2210"]
[BlackElo "2101"]
[PlyCount "153"]
[EventDate "2012.07.23"]
[EventType "swiss"]
[EventRounds "9"]
[EventCountry "ESP"]
[Source "lmi"]
[SourceDate "2012.07.23"]

1. d4 d5 2. c4 e6 3. Nf3 Nf6 4. g3 Bb4+ 5. Bd2 Be7 6. Bg2 O-O 7. O-O c6 8. Qc2
b6 9. Bf4 Ba6 10. b3 Nh5 11. Bc1 Nd7 12. Rd1 Rc8 13. Nc3 f5 14. Nd2 Bd6 15. a4
Qe7 16. a5 b5 17. c5 Bc7 18. Na2 Bxa5 19. Nc3 Bxc3 20. Qxc3 Nb8 21. b4 Rc7 22.
Nb3 g5 23. Bd2 Bc8 24. Bf3 g4 25. Bg2 Qg7 26. Nc1 a6 27. Nd3 Nd7 28. Nf4 Ndf6
29. Bc1 Re8 30. Qe3 Nxf4 31. Qxf4 Nh5 32. Qd2 Rf7 33. e3 Nf6 34. f3 h5 35. Rf1
Qg6 36. Qd3 gxf3 37. Bxf3 Rg7 38. Kh1 Ng4 39. Ra2 Rh7 40. h3 Nf6 41. Kg1 Ree7
42. Rg2 Reg7 43. Bd2 Ne4 44. Bxe4 fxe4 45. Qa3 Rf7 46. Rf4 Rhg7 47. Qa5 Rxf4
48. exf4 Qe8 49. g4 hxg4 50. Rxg4 Rxg4+ 51. hxg4 e5 52. f5 exd4 53. Bh6 e3 54.
Qc7 Bd7 55. Qf4 Qe7 56. f6 Qe6 57. Qg5+ Kf7 58. Bg7 Kg8 59. f7+ Kh7 60. Bh6 e2
61. f8=N+ Kh8 62. Qh5 Kg8 63. Qg5+ Kf7 64. Qf4+ Ke8 65. Nxe6 e1=Q+ 66. Kg2 Qe2+
67. Kh3 Bxe6 68. Qf8+ Kd7 69. Qd6+ Ke8 70. Qxc6+ Bd7 71. Qa8+ Ke7 72. Qf8+ Ke6
73. Qd6+ Kf7 74. Qxd7+ Qe7 75. Qxe7+ Kxe7 76. Kg3 d3 77. Kf2 1-0

[Event "España ch sub-18 2012"]
[Site "Salobreña ESP"]
[Date "2012.07.27"]
[Round "7.10"]
[White "Medarde Santiago, Luis Marcos"]
[Black "Silva Rodriguez, Julio"]
[Result "1-0"]
[WhiteElo "2024"]
[BlackElo "2168"]
[PlyCount "63"]
[EventDate "2012.07.23"]
[EventType "swiss"]
[EventRounds "9"]
[EventCountry "ESP"]
[Source "lmi"]
[SourceDate "2012.07.23"]

1. e4 e6 2. d4 d5 3. Nc3 Bb4 4. e5 c5 5. a3 Bxc3+ 6. bxc3 Qa5 7. Bd2 Qa4 8. Qb1
c4 9. g3 Nc6 10. Bh3 Bd7 11. Ne2 O-O-O 12. Nf4 g6 13. g4 Re8 14. Ne2 f6 15. f4
h6 16. Bg2 g5 17. exf6 Nxf6 18. fxg5 hxg5 19. h3 Rhg8 20. O-O Rg6 21. Qb2 Qa5
22. Rab1 Qc7 23. Rf3 Ne4 24. Be1 e5 25. Re3 exd4 26. cxd4 b6 27. Bxe4 Rxe4 28.
Rxe4 dxe4 29. Bg3 Qb7 30. d5 Ne7 31. Qe5 Be8 32. d6 1-0

[Event "España ch sub-18 2012"]
[Site "Salobreña ESP"]
[Date "2012.07.27"]
[Round "7.11"]
[White "Villaseñor Rubio, Emilio Jose"]
[Black "Sierra Montoya, Miquel"]
[Result "1-0"]
[WhiteElo "2159"]
[BlackElo "2051"]
[PlyCount "83"]
[EventDate "2012.07.23"]
[EventType "swiss"]
[EventRounds "9"]
[EventCountry "ESP"]
[Source "lmi"]
[SourceDate "2012.07.23"]

1. d4 Nf6 2. c4 g6 3. Nc3 Bg7 4. e4 d6 5. Nf3 O-O 6. Be2 e5 7. O-O Nc6 8. d5
Ne7 9. Ne1 Nd7 10. Be3 f5 11. f3 f4 12. Bf2 g5 13. Rc1 Ng6 14. c5 Nf6 15. cxd6
cxd6 16. Kh1 h5 17. Nb5 Rf7 18. Nxa7 h4 19. Nxc8 Rxc8 20. Rxc8 Qxc8 21. h3 Nh5
22. Kh2 Ng3 23. Rg1 g4 24. Bb6 gxh3 25. gxh3 Bf6 26. Bd3 Bd8 27. Bf2 Nf8 28.
Qa4 Re7 29. Bf1 Nh7 30. Nd3 Ng5 31. Bg2 Kf8 32. Rc1 Rc7 33. Qd1 Qd7 34. Rxc7
Bxc7 35. Qc2 Qf7 36. b4 b5 37. Ne1 N3xe4 38. fxe4 f3 39. Bxf3 Nxf3+ 40. Nxf3
Qxf3 41. Bxh4 Qe3 42. Qd1 1-0

[Event "España ch sub-18 2012"]
[Site "Salobreña ESP"]
[Date "2012.07.27"]
[Round "7.12"]
[White "Molina Rodriguez, Borja"]
[Black "Fernandez Gonzalez, Sergio"]
[Result "1-0"]
[WhiteElo "2124"]
[BlackElo "1959"]
[PlyCount "77"]
[EventDate "2012.07.23"]
[EventType "swiss"]
[EventRounds "9"]
[EventCountry "ESP"]
[Source "lmi"]
[SourceDate "2012.07.23"]

1. e4 e5 2. Nf3 Nc6 3. Bc4 Nf6 4. d3 h6 5. O-O d6 6. c3 g6 7. Bb3 Bg7 8. Nbd2
O-O 9. Re1 Qe7 10. Nc4 Nh5 11. h3 b5 12. Ne3 Na5 13. Bc2 Bb7 14. a4 a6 15. b4
Nc6 16. Nd5 Qd7 17. Ra2 Ne7 18. Nxe7+ Qxe7 19. d4 Rfd8 20. Qe2 Qe8 21. dxe5
dxe5 22. c4 Nf4 23. Qf1 Ne6 24. axb5 axb5 25. Rxa8 Bxa8 26. cxb5 Qe7 27. Bd2
Nd4 28. Nxd4 exd4 29. Bd3 Bb7 30. f3 Be5 31. Ra1 Bd6 32. Ra7 Rb8 33. Qb1 Qh4
34. Qa1 Bc8 35. Qxd4 Qg3 36. Bc3 Kf8 37. Qg7+ Ke8 38. Qh8+ Ke7 39. Bf6+ 1-0

[Event "España ch sub-18 2012"]
[Site "Salobreña ESP"]
[Date "2012.07.27"]
[Round "7.13"]
[White "Donado-Mazarron Gomez, Miguel"]
[Black "Aranaz Murillo, Amalia"]
[Result "1/2-1/2"]
[WhiteElo "2055"]
[BlackElo "2248"]
[PlyCount "60"]
[EventDate "2012.07.23"]
[EventType "swiss"]
[EventRounds "9"]
[EventCountry "ESP"]
[Source "lmi"]
[SourceDate "2012.07.23"]

1. e4 e6 2. d4 d5 3. Nc3 Nf6 4. Bg5 Bb4 5. e5 h6 6. Bd2 Bxc3 7. bxc3 Ne4 8. Qg4
Kf8 9. Qf4 c5 10. Bd3 Nxd2 11. Qxd2 Nc6 12. Nf3 c4 13. Be2 Ke7 14. O-O Kd7 15.
g3 Kc7 16. Nh4 Bd7 17. f4 g6 18. Ng2 Qe7 19. Ne3 h5 20. Bxc4 dxc4 21. d5 Qc5
22. dxc6 Bxc6 23. Qd4 Qxd4 24. cxd4 b5 25. a4 a6 26. Rfb1 Rhb8 27. a5 Rf8 28.
c3 Rab8 29. Rb2 Rfd8 30. Nc2 Kb7 1/2-1/2

[Event "España ch sub-18 2012"]
[Site "Salobreña ESP"]
[Date "2012.07.27"]
[Round "7.14"]
[White "Valhondo Morales, Ruben"]
[Black "Navarro Lopez-Menchero, Daniel"]
[Result "1-0"]
[WhiteElo "2085"]
[BlackElo "2230"]
[PlyCount "57"]
[EventDate "2012.07.23"]
[EventType "swiss"]
[EventRounds "9"]
[EventCountry "ESP"]
[Source "lmi"]
[SourceDate "2012.07.23"]

1. e4 c5 2. Nf3 e6 3. d4 cxd4 4. Nxd4 a6 5. Be2 Qc7 6. O-O Nf6 7. Nc3 Nc6 8.
Nxc6 bxc6 9. f4 d5 10. e5 Nd7 11. Qd3 g6 12. Qh3 c5 13. Bf3 Bb7 14. Bd2 Rb8 15.
Rab1 c4 16. Be1 a5 17. Kh1 Ba6 18. Bh4 h6 19. Bxd5 exd5 20. e6 Nb6 21. Rbe1 Bc8
22. f5 fxe6 23. fxe6 Rh7 24. Qf3 Qg7 25. e7 Bf5 26. exf8=Q+ Kxf8 27. g4 Qd4 28.
gxf5 Rh8 29. Qd1 1-0